| 000 | 00344nam a22001337a 4500 | ||
|---|---|---|---|
| 082 |
_a425 _bKRI/C |
||
| 100 | _aKRISHNA, SRUTHY S | ||
| 245 | _aCBSE ENGLISH -9 - EXAM POINT | ||
| 246 |
_aCBSE ENGLISH -9 - EXAM POINT _bCBSE ENGLISH -9 - EXAM POINT |
||
| 260 |
_aINDIA _bMAXIMUM _c2024 |
||
| 300 | _a479 | ||
| 650 | _aENGLISH REFERENCE | ||
| 942 | _cBK | ||
| 999 |
_c8912 _d8912 |
||